000 01149cad a22002175a 4500
001 L157424
008 121129e20120217 d f s i000 0 eng d
035 _a(Sirsi) u157424
041 0 _aeng
110 2 _aEurostat
_91416
245 0 0 _aProduction in construction up by 0.7% in euro area
_h[electronic resource]
260 _c2012
490 0 _aEurostat News Release
_v(147/2012) 17 October 2012
520 _aIn the construction sector seasonally adjusted production rose by 0.7% in the euro area and by 0.2% in the EU27 in August 2012, compared with the previous month, according to first estimates released by Eurostat. In July 2012 production increased by 0.1% in the euro area and decreased by 0.1% in the EU27. Compared with August 2011, production in August 2012 dropped by 5.5% in the euro area and by 6.8% in the EU27.
590 _aKA
650 2 4 _aEUROSTAT MONTHLY CONSTRUCTION INDEX
651 4 _aEurope
690 _aConstruction management
_96230
856 4 0 _uhttps://epp.eurostat.ec.europa.eu/cache/ITY_PUBLIC/4-17102012-AP/EN/4-17102012-AP-EN.PDF
_zView the release free of charge at epp.eurostat.ec.europa.eu
942 _n0
999 _c114767
_d114767